书目信息 |
| 书名: | The elements of mechanics | |
| 作者: | vanni Gallavotti. | |
| 分册号: | ||
| 分册名: | 出版地: | New York : |
|
| 出版社: | Springer-Verlag | |
| 出版时间: | c1983. | |
| 页数: | xiv, 575 p. : | |
| 开本: | 24 cm. | |
| 丛书名: | Texts and monographs in physics | |
| 中图分类号: | ||
| 科图分类号: | ||
| 其他分类号: | O3:H31 | |
| 主题词: | ||
| 电子资源: | ||
| 000 | 00669nam 22000241i 450 9 | |
| 001 | 0298375068 | |
| 005 | 20070717103514.40 | |
| 008 | 830111m1983 u y a b 001 0 | |
| 041 | @aeng | |
| 050 | @aQA805@b.G24 1983 | |
| 082 | 04 | @a531@219 |
| 090 | @aO31 | |
| 090 | @aO3:H31 | |
| 099 | @dO3:H31@ex30 | |
| 100 | 1 | @aGallavotti@cGiovanni. |
| 245 | 10 | @aThe elements of mechanics / @cvanni Gallavotti. |
| 260 | 1 | @aNew York :@bSpringer-Verlag,@cc1983. |
| 300 | @axiv, 575 p. :@bill. ;@c24 cm. | |
| 440 | 0 | @aTexts and monographs in physics |
| 500 | @aIncludes index. | |
| 504 | @aBibliography: p. 563-566. | |
| 650 | 4 | @aMechanics. |
| 700 | @aGallavotti,vanni | |
| The elements of mechanics / / vanni Gallavotti.-New York : : Springer-Verlag, , c1983. |
| xiv, 575 p. : : ill. ; ; 24 cm.- (Texts and monographs in physics ) |
| Includes index.-Bibliography: p. 563-566. |
| ISBN |
| ● |
| 相关链接 |
|
|
|
|
正题名:The elements of mechanics
索取号:O3:H31/x30
 
预约/预借
| 序号 | 登录号 | 条形码 | 馆藏地/架位号 | 状态 | 备注 |
| 1 | 126030 | 000453084 | 第四借阅区/ [索取号:O3:H31/x30] | 在馆 | |
| 2 | 126031 | 000453609 | 第二样本阅览室/ [索取号:O3:H31/x30] | 在馆 | |
| 3 | 136919 | 202161864 | 第四借阅区/ [索取号:O3:H31/x30] | 在馆 |